| 000 | 01735nam a22006617a 4500 | ||
|---|---|---|---|
| 005 | 20251023191222.0 | ||
| 008 | 160201b2012 sp ||||| |||| 00| 0 spa d | ||
| 020 | _a9788445821275 | ||
| 041 | _aESP | ||
| 082 | _a611.91 N882a2 | ||
| 100 |
_aNorton, Neil S. _961890 |
||
| 245 | _aNetter: Anatomía de cabeza y cuello para odontólogos | ||
| 250 | _a2 edición | ||
| 260 | _aEspaña | ||
| 260 | _bElsevier Masson | ||
| 260 | _c2012 | ||
| 300 | _a658 páginas | ||
| 300 | _bIlustraciones a color | ||
| 490 | _aMecánica Dental | ||
| 505 | _aApéndice A: Preguntas y Respuestas | ||
| 505 | _aApéndice B: Linfáticos | ||
| 650 | _aANATOMÍA DE CABEZA Y CUELLO | ||
| 650 | _aANATOMÍA HUMANA | ||
| 650 | _aDIENTES | ||
| 650 | _aOSTEOLOGÍA | ||
| 650 | _aMÚSCULOS DE MASTICACIÓN | ||
| 650 | _aARTICULACIÓN TEMPOROMANDIBULAR | ||
| 650 | _aSENOS PARANASALES | ||
| 650 | _aNARIZ | ||
| 650 | _aCRÁNEO | ||
| 650 | _aLENGUA | ||
| 650 | _aFARINGE | ||
| 650 | _aLARINGE | ||
| 650 | _aCAVIDAD BUCAL | ||
| 650 | _aNEUROANATOMÍA | ||
| 650 | _aCUERO CABELLUDO | ||
| 650 | _aNERVIOS CRANEALES | ||
| 650 | _aOIDO | ||
| 650 | _aOJOS | ||
| 650 | _aANESTESIAS INTRAORALES | ||
| 650 | _aDORSO | ||
| 650 | _aTÓRAX | ||
| 650 |
_aABDOMEN _aLINFÁTICOS |
||
| 650 | _aGLÁNDULA TIROIDES | ||
| 650 | _aPALADAR | ||
| 650 | _aCORRECIONES CLÍNICAS | ||
| 650 | _aVÉRTEBRAS CERVICALES | ||
| 650 | _aSISTEMA NERVIOSO CENTRAL | ||
| 650 | _aCELDA PARÓTIDEA | ||
| 650 | _aFOSA TEMPORAL | ||
| 650 | _aVASCULARIZACIÓN | ||
| 650 | _aFOSA PTERIGOPALATINA | ||
| 650 | _aSENO MAXILAR | ||
| 650 | _aSENO ESFENOIDAL | ||
| 650 | _aGLÁNDULAS SALIVALES | ||
| 942 |
_cBK _2ddc |
||
| 999 |
_c7587 _d7587 |
||